000 00305nam a22001337a 4500
008 170322b xxu||||| |||| 00| 0 eng d
020 _a0721672078
041 _aeng
080 _a616.8
100 _a7
101 _aSHM
245 _aTHE FINE STRUCTURE OF THE NEVOUS SYSTEM
_cPALAY.P
942 _2udc
_cBK
999 _c8407
_d8407